[Event "XLIV Memoriał Szachowy Ludwika Zamenhofa 2025, Grupa A"]
[Site "Białystok, Poland"]
[Date "2025.12.27"]
[Round "1.5"]
[White "Baum, Jonasz"]
[Black "Greicius, Pijus"]
[Result "1-0"]
[TimeControl "90'+30\""]
[WhiteElo "2446"]
[BlackElo "2170"]

1. e4 {[%clk 01:30:58]} {[%emt 00:00:02]} e5 {[%clk 01:30:53]} {[%emt
00:00:07]} 2. Nf3 {[%clk 01:31:25]} {[%emt 00:00:03]} Nc6 {[%clk 01:31:19]}
{[%emt 00:00:05]} 3. Nc3 {[%clk 01:31:51]} {[%emt 00:00:03]} Nf6 {[%clk
01:31:42]} {[%emt 00:00:07]} 4. h3 {[%clk 01:32:18]} {[%emt 00:00:04]} d5
{[%clk 01:24:11]} {[%emt 00:08:00]} 5. exd5 {[%clk 01:32:26]} {[%emt 00:00:22]}
Nxd5 {[%clk 01:24:34]} {[%emt 00:00:08]} 6. Bb5 {[%clk 01:32:52]} {[%emt
00:00:03]} Nxc3 {[%clk 01:24:38]} {[%emt 00:00:26]} 7. bxc3 {[%clk 01:33:19]}
{[%emt 00:00:04]} Bd6 {[%clk 01:25:00]} {[%emt 00:00:07]} 8. O-O {[%clk
01:33:44]} {[%emt 00:00:05]} O-O {[%clk 01:25:16]} {[%emt 00:00:14]} 9. d4
{[%clk 01:33:45]} {[%emt 00:00:29]} exd4 {[%clk 01:24:14]} {[%emt 00:01:33]} 10.
cxd4 {[%clk 01:34:13]} {[%emt 00:00:02]} Ne7 {[%clk 01:18:41]} {[%emt
00:06:02]} 11. Re1 {[%clk 01:21:29]} {[%emt 00:13:14]} h6 {[%clk 01:04:09]}
{[%emt 00:15:02]} 12. Bb2 {[%clk 01:04:52]} {[%emt 00:17:08]} Ng6 {[%clk
00:49:35]} {[%emt 00:15:03]} 13. Bf1 {[%clk 00:53:37]} {[%emt 00:11:45]} c6
{[%clk 00:21:28]} {[%emt 00:28:37]} 14. c4 {[%clk 00:47:40]} {[%emt 00:06:27]}
Bf5 {[%clk 00:15:52]} {[%emt 00:06:04]} 15. Re3 {[%clk 00:37:53]} {[%emt
00:10:18]} Bf4 {[%clk 00:10:04]} {[%emt 00:06:17]} 16. Rb3 {[%clk 00:35:56]}
{[%emt 00:02:28]} b6 {[%clk 00:06:26]} {[%emt 00:04:09]} 17. d5 {[%clk
00:25:34]} {[%emt 00:10:52]} c5 {[%clk 00:06:05]} {[%emt 00:00:50]} 18. Bd3
{[%clk 00:25:23]} {[%emt 00:00:41]} Bd7 {[%clk 00:03:04]} {[%emt 00:03:31]} 19.
Qc2 {[%clk 00:24:31]} {[%emt 00:01:22]} f5 {[%clk 00:00:47]} {[%emt 00:02:47]}
20. a4 {[%clk 00:21:04]} {[%emt 00:03:58]} Nh4 {[%clk 00:00:58]} {[%emt
00:00:18]} 21. Nxh4 {[%clk 00:13:32]} {[%emt 00:08:02]} Qxh4 {[%clk 00:01:26]}
{[%emt 00:00:02]} 22. a5 {[%clk 00:13:57]} {[%emt 00:00:05]} Bc7 {[%clk
00:00:58]} {[%emt 00:00:57]} 23. axb6 {[%clk 00:13:12]} {[%emt 00:01:16]} axb6
{[%clk 00:01:02]} {[%emt 00:00:26]} 24. Rxa8 {[%clk 00:13:03]} {[%emt
00:00:39]} Rxa8 {[%clk 00:01:29]} {[%emt 00:00:03]} 25. Bxf5 {[%clk 00:13:00]}
{[%emt 00:00:33]} Bxf5 {[%clk 00:01:42]} {[%emt 00:00:17]} 26. Qxf5 {[%clk
00:13:26]} {[%emt 00:00:04]} Qxc4 {[%clk 00:02:06]} {[%emt 00:00:06]} 27. Qe6+
{[%clk 00:11:27]} {[%emt 00:02:29]} Kh7 {[%clk 00:02:34]} {[%emt 00:00:02]} 28.
Re3 {[%clk 00:10:53]} {[%emt 00:01:04]} Rf8 {[%clk 00:00:47]} {[%emt 00:02:17]}
29. Qe7 {[%clk 00:09:17]} {[%emt 00:02:06]} 1-0

[Event "XLIV Memoriał Szachowy Ludwika Zamenhofa 2025, Grupa A"]
[Site "Białystok, Poland"]
[Date "2025.12.27"]
[Round "1.6"]
[White "Praczukowski, Stanislaw"]
[Black "Jakubowski, Krzysztof"]
[Result "1/2-1/2"]
[TimeControl "90'+30\""]
[WhiteElo "2155"]
[BlackElo "2437"]

1. e4 {[%clk 01:30:58]} {[%emt 00:00:02]} e5 {[%clk 01:30:48]} {[%emt
00:00:13]} 2. Nf3 {[%clk 01:31:19]} {[%emt 00:00:09]} Nc6 {[%clk 01:31:12]}
{[%emt 00:00:07]} 3. Bb5 {[%clk 01:31:26]} {[%emt 00:00:23]} a6 {[%clk
01:31:31]} {[%emt 00:00:10]} 4. Ba4 {[%clk 01:31:49]} {[%emt 00:00:07]} Nf6
{[%clk 01:31:53]} {[%emt 00:00:07]} 5. O-O {[%clk 01:32:08]} {[%emt 00:00:12]}
Be7 {[%clk 01:32:12]} {[%emt 00:00:11]} 6. Re1 {[%clk 01:32:23]} {[%emt
00:00:14]} b5 {[%clk 01:32:35]} {[%emt 00:00:08]} 7. Bb3 {[%clk 01:32:50]}
{[%emt 00:00:03]} d6 {[%clk 01:32:56]} {[%emt 00:00:08]} 8. c3 {[%clk
01:33:08]} {[%emt 00:00:13]} Na5 {[%clk 01:33:18]} {[%emt 00:00:08]} 9. Bc2
{[%clk 01:33:23]} {[%emt 00:00:15]} c5 {[%clk 01:33:41]} {[%emt 00:00:07]} 10.
h3 {[%clk 01:32:38]} {[%emt 00:01:16]} Qc7 {[%clk 01:29:34]} {[%emt 00:04:36]}
11. d4 {[%clk 01:29:01]} {[%emt 00:04:07]} Bd7 {[%clk 01:29:50]} {[%emt
00:00:14]} 12. Nbd2 {[%clk 01:27:09]} {[%emt 00:02:22]} cxd4 {[%clk 01:29:51]}
{[%emt 00:00:29]} 13. cxd4 {[%clk 01:27:30]} {[%emt 00:00:09]} Rc8 {[%clk
01:30:12]} {[%emt 00:00:08]} 14. Bd3 {[%clk 01:15:35]} {[%emt 00:12:25]} Nc6
{[%clk 01:29:36]} {[%emt 00:01:07]} 15. a3 {[%clk 01:10:10]} {[%emt 00:05:56]}
exd4 {[%clk 01:25:50]} {[%emt 00:04:15]} 16. Nb3 {[%clk 01:08:30]} {[%emt
00:02:10]} Ne5 {[%clk 01:20:57]} {[%emt 00:05:23]} 17. Nbxd4 {[%clk 01:07:16]}
{[%emt 00:01:45]} O-O {[%clk 01:13:00]} {[%emt 00:08:26]} 18. Bf4 {[%clk
00:54:48]} {[%emt 00:12:59]} g6 {[%clk 01:11:17]} {[%emt 00:02:12]} 19. Rc1
{[%clk 00:43:51]} {[%emt 00:11:27]} Qb8 {[%clk 01:11:26]} {[%emt 00:00:21]} 20.
Bb1 {[%clk 00:42:30]} {[%emt 00:01:52]} Nh5 {[%clk 01:05:54]} {[%emt 00:06:02]}
21. Bh6 {[%clk 00:32:48]} {[%emt 00:10:12]} Rxc1 {[%clk 01:02:08]} {[%emt
00:04:16]} 22. Bxc1 {[%clk 00:32:00]} {[%emt 00:01:18]} Bf6 {[%clk 00:56:33]}
{[%emt 00:06:05]} 23. Nf5 {[%clk 00:25:02]} {[%emt 00:07:27]} Bxf5 {[%clk
00:48:47]} {[%emt 00:08:16]} 24. exf5 {[%clk 00:24:46]} {[%emt 00:00:46]} Re8
{[%clk 00:49:02]} {[%emt 00:00:15]} 25. Be4 {[%clk 00:19:17]} {[%emt 00:05:59]}
Bd8 {[%clk 00:37:21]} {[%emt 00:12:12]} 26. Bc6 {[%clk 00:16:44]} {[%emt
00:03:03]} Re7 {[%clk 00:30:17]} {[%emt 00:07:33]} 27. Nxe5 {[%clk 00:15:19]}
{[%emt 00:01:56]} Rxe5 {[%clk 00:30:37]} {[%emt 00:00:10]} 28. fxg6 {[%clk
00:14:32]} {[%emt 00:01:17]} hxg6 {[%clk 00:30:56]} {[%emt 00:00:11]} 29. Bf3
{[%clk 00:13:10]} {[%emt 00:01:52]} Ng7 {[%clk 00:30:01]} {[%emt 00:01:25]} 30.
Bf4 {[%clk 00:10:15]} {[%emt 00:03:24]} Rxe1+ {[%clk 00:30:09]} {[%emt
00:00:23]} 31. Qxe1 {[%clk 00:10:43]} {[%emt 00:00:01]} Bf6 {[%clk 00:29:10]}
{[%emt 00:01:29]} 32. Qd2 {[%clk 00:09:51]} {[%emt 00:01:23]} Nf5 {[%clk
00:27:58]} {[%emt 00:01:41]} 33. Bd5 {[%clk 00:08:37]} {[%emt 00:01:45]} Be5
{[%clk 00:24:52]} {[%emt 00:03:37]} 34. Be4 {[%clk 00:06:58]} {[%emt 00:02:08]}
Qc8 {[%clk 00:12:48]} {[%emt 00:12:34]} 35. Bxe5 {[%clk 00:05:34]} {[%emt
00:01:55]} dxe5 {[%clk 00:13:12]} {[%emt 00:00:05]} 36. Bxf5 {[%clk 00:05:53]}
{[%emt 00:00:11]} Qxf5 {[%clk 00:13:32]} {[%emt 00:00:10]} 37. h4 {[%clk
00:05:11]} {[%emt 00:01:12]} 1/2-1/2

[Event "XLIV Memoriał Szachowy Ludwika Zamenhofa 2025, Grupa A"]
[Site "Białystok, Poland"]
[Date "2025.12.27"]
[Round "1.7"]
[White "Kozak, Antoni"]
[Black "Przybylski, Jan"]
[Result "1-0"]
[TimeControl "90'+30\""]
[WhiteElo "2426"]
[BlackElo "2152"]

1. d4 {[%clk 01:30:54]} {[%emt 00:00:05]} d5 {[%clk 01:30:47]} {[%emt
00:00:13]} 2. c4 {[%clk 01:30:37]} {[%emt 00:00:47]} e6 {[%clk 01:31:09]}
{[%emt 00:00:09]} 3. Nf3 {[%clk 01:31:02]} {[%emt 00:00:05]} Nf6 {[%clk
01:30:52]} {[%emt 00:00:46]} 4. g3 {[%clk 01:31:27]} {[%emt 00:00:05]} c5
{[%clk 01:27:31]} {[%emt 00:03:52]} 5. Bg2 {[%clk 01:29:40]} {[%emt 00:02:16]}
Nc6 {[%clk 01:26:58]} {[%emt 00:01:04]} 6. O-O {[%clk 01:30:03]} {[%emt
00:00:07]} Be7 {[%clk 01:22:34]} {[%emt 00:04:54]} 7. cxd5 {[%clk 01:28:02]}
{[%emt 00:02:31]} exd5 {[%clk 01:22:29]} {[%emt 00:00:35]} 8. dxc5 {[%clk
01:27:26]} {[%emt 00:01:06]} Bxc5 {[%clk 01:21:30]} {[%emt 00:01:29]} 9. a3
{[%clk 01:27:43]} {[%emt 00:00:13]} O-O {[%clk 01:13:08]} {[%emt 00:08:53]} 10.
b4 {[%clk 01:26:13]} {[%emt 00:01:58]} Bb6 {[%clk 01:11:27]} {[%emt 00:02:12]}
11. Nc3 {[%clk 01:25:47]} {[%emt 00:00:55]} Re8 {[%clk 01:07:18]} {[%emt
00:04:39]} 12. Bb2 {[%clk 01:11:03]} {[%emt 00:15:14]} Bg4 {[%clk 01:03:31]}
{[%emt 00:04:17]} 13. Na4 {[%clk 01:06:32]} {[%emt 00:05:02]} Qe7 {[%clk
00:55:16]} {[%emt 00:08:44]} 14. Nxb6 {[%clk 01:01:46]} {[%emt 00:05:16]} axb6
{[%clk 00:55:40]} {[%emt 00:00:06]} 15. Re1 {[%clk 00:54:40]} {[%emt 00:07:35]}
Rad8 {[%clk 00:49:32]} {[%emt 00:06:39]} 16. Qa4 {[%clk 00:49:16]} {[%emt
00:05:54]} Bxf3 {[%clk 00:29:19]} {[%emt 00:20:42]} 17. Bxf3 {[%clk 00:49:32]}
{[%emt 00:00:14]} Ne4 {[%clk 00:28:32]} {[%emt 00:01:18]} 18. Qb5 {[%clk
00:38:11]} {[%emt 00:11:50]} Rd6 {[%clk 00:15:58]} {[%emt 00:13:05]} 19. Rad1
{[%clk 00:37:06]} {[%emt 00:01:33]} Qd8 {[%clk 00:09:31]} {[%emt 00:06:58]} 20.
e3 {[%clk 00:31:59]} {[%emt 00:05:38]} h6 {[%clk 00:06:27]} {[%emt 00:03:34]}
21. Bg2 {[%clk 00:32:00]} {[%emt 00:00:29]} Na7 {[%clk 00:01:16]} {[%emt
00:05:41]} 22. Qa4 {[%clk 00:24:41]} {[%emt 00:07:48]} Nc6 {[%emt 00:00:43]} 23.
Rd3 {[%clk 00:24:33]} {[%emt 00:00:38]} Re7 {[%clk 00:00:32]} {[%emt 00:01:02]}
24. Red1 {[%clk 00:23:55]} {[%emt 00:01:07]} f5 {[%clk 00:00:38]} {[%emt
00:00:25]} 25. Qb3 {[%clk 00:22:14]} {[%emt 00:02:10]} Red7 {[%clk 00:00:54]}
{[%emt 00:00:15]} 26. f3 {[%clk 00:19:50]} {[%emt 00:02:53]} Ng5 {[%clk
00:00:35]} {[%emt 00:00:49]} 27. e4 {[%clk 00:18:17]} {[%emt 00:02:04]} Kh7
{[%clk 00:00:33]} {[%emt 00:00:32]} 28. e5 {[%clk 00:11:53]} {[%emt 00:06:53]}
Rg6 {[%clk 00:00:35]} {[%emt 00:00:29]} 29. f4 {[%clk 00:10:42]} {[%emt
00:01:41]} Ne6 {[%clk 00:00:35]} {[%emt 00:00:29]} 30. Rxd5 {[%clk 00:10:07]}
{[%emt 00:01:06]} Rxd5 {[%clk 00:00:55]} {[%emt 00:00:10]} 31. Qxd5 {[%clk
00:09:59]} {[%emt 00:00:37]} Qa8 {[%clk 00:00:33]} {[%emt 00:00:53]} 32. Qd3
{[%clk 00:09:41]} {[%emt 00:00:47]} Qf8 {[%clk 00:00:39]} {[%emt 00:00:24]} 33.
Qd7 {[%clk 00:09:34]} {[%emt 00:00:38]} h5 {[%clk 00:00:32]} {[%emt 00:00:38]}
34. Qxb7 {[%clk 00:09:03]} {[%emt 00:01:00]} Nxb4 {[%clk 00:00:40]} {[%emt
00:00:22]} 35. Qf3 {[%clk 00:08:07]} {[%emt 00:01:26]} Nc2 {[%clk 00:00:32]}
{[%emt 00:00:38]} 36. Qc3 {[%clk 00:07:25]} {[%emt 00:01:12]} Ncd4 {[%emt
00:00:26]} 37. Rxd4 {[%clk 00:07:45]} {[%emt 00:00:10]} Nxd4 {[%clk 00:01:02]}
{[%emt 00:00:04]} 38. Qxd4 {[%clk 00:08:12]} {[%emt 00:00:02]} h4 {[%clk
00:01:18]} {[%emt 00:00:13]} 39. Kf2 {[%clk 00:08:00]} {[%emt 00:00:43]} Qc8
{[%clk 00:01:14]} {[%emt 00:00:35]} 40. Bc3 {[%clk 00:07:00]} {[%emt 00:01:30]}
h3 {[%clk 00:00:32]} {[%emt 00:01:12]} 41. Bf3 {[%clk 00:05:58]} {[%emt
00:01:32]} Qa6 {[%clk 00:00:34]} {[%emt 00:00:28]} 42. Bh5 {[%clk 00:04:45]}
{[%emt 00:01:43]} Rh6 {[%clk 00:00:34]} {[%emt 00:00:30]} 43. e6 {[%clk
00:04:22]} {[%emt 00:00:53]} Qb7 {[%clk 00:00:52]} {[%emt 00:00:13]} 44. Bf3
{[%clk 00:02:54]} {[%emt 00:01:57]} Qe7 {[%clk 00:01:09]} {[%emt 00:00:13]} 45.
Qe5 {[%clk 00:02:25]} {[%emt 00:00:59]} Rxe6 {[%clk 00:00:33]} {[%emt
00:01:06]} 46. Qxf5+ {[%clk 00:02:50]} {[%emt 00:00:05]} Kh8 {[%clk 00:00:41]}
{[%emt 00:00:22]} 47. Qxh3+ {[%clk 00:03:11]} {[%emt 00:00:09]} Kg8 {[%clk
00:01:10]} {[%emt 00:00:02]} 48. Qf5 {[%clk 00:03:05]} {[%emt 00:00:35]} Rh6
{[%clk 00:00:32]} {[%emt 00:01:08]} 49. Bd5+ {[%clk 00:03:22]} {[%emt
00:00:13]} Kh8 {[%clk 00:00:57]} {[%emt 00:00:06]} 50. Qc8+ {[%clk 00:03:05]}
{[%emt 00:00:46]} Kh7 {[%emt 00:00:03]} 51. Bg8+ {[%clk 00:03:21]} {[%emt
00:00:12]} Kg6 {[%emt 00:00:06]} 52. Qg4+ {[%clk 00:03:46]} {[%emt 00:00:04]}
1-0

[Event "XLIV Memoriał Szachowy Ludwika Zamenhofa 2025, Grupa A"]
[Site "Białystok, Poland"]
[Date "2025.12.27"]
[Round "1.8"]
[White "Trybus, Daniel"]
[Black "Cukrowski, Filip"]
[Result "0-1"]
[TimeControl "90'+30\""]
[WhiteElo "2151"]
[BlackElo "2417"]

1. Nf3 {[%emt 00:04:31]} Nf6 {[%clk 01:25:41]} {[%emt 00:00:50]} 2. g3 {[%clk
01:30:17]} {[%emt 00:01:03]} d5 {[%clk 01:26:02]} {[%emt 00:00:16]} 3. Bg2
{[%clk 01:30:36]} {[%emt 00:00:11]} c5 {[%clk 01:26:05]} {[%emt 00:00:27]} 4.
O-O {[%clk 01:30:30]} {[%emt 00:00:35]} Nc6 {[%clk 01:26:26]} {[%emt 00:00:10]}
5. d3 {[%clk 01:29:26]} {[%emt 00:01:34]} e5 {[%clk 01:26:42]} {[%emt
00:00:15]} 6. e4 {[%clk 01:28:02]} {[%emt 00:01:54]} d4 {[%clk 01:17:26]}
{[%emt 00:09:46]} 7. h4 {[%clk 01:20:59]} {[%emt 00:07:32]} Bg4 {[%clk
01:05:56]} {[%emt 00:12:01]} 8. Na3 {[%clk 01:16:22]} {[%emt 00:05:06]} Be7
{[%clk 01:01:54]} {[%emt 00:04:33]} 9. Qe1 {[%clk 01:11:47]} {[%emt 00:05:04]}
Nd7 {[%clk 00:52:49]} {[%emt 00:09:36]} 10. Nh2 {[%clk 01:07:58]} {[%emt
00:04:17]} Be6 {[%clk 00:51:40]} {[%emt 00:01:40]} 11. Bf3 {[%clk 01:05:47]}
{[%emt 00:02:40]} a6 {[%clk 00:42:54]} {[%emt 00:09:18]} 12. Qe2 {[%clk
01:01:36]} {[%emt 00:04:39]} O-O {[%clk 00:31:52]} {[%emt 00:11:34]} 13. Bg4
{[%clk 00:59:25]} {[%emt 00:02:40]} Nf6 {[%clk 00:09:30]} {[%emt 00:22:53]} 14.
Bxe6 {[%clk 00:58:25]} {[%emt 00:01:30]} fxe6 {[%clk 00:09:33]} {[%emt
00:00:27]} 15. Nf3 {[%clk 00:50:56]} {[%emt 00:07:58]} b5 {[%clk 00:09:23]}
{[%emt 00:00:41]} 16. c4 {[%clk 00:50:25]} {[%emt 00:01:01]} dxc3 {[%clk
00:08:21]} {[%emt 00:01:32]} 17. bxc3 {[%clk 00:50:07]} {[%emt 00:00:48]} Qa5
{[%clk 00:07:01]} {[%emt 00:01:50]} 18. Qb2 {[%clk 00:43:36]} {[%emt 00:07:00]}
Nxe4 {[%clk 00:06:29]} {[%emt 00:01:03]} 19. dxe4 {[%clk 00:42:03]} {[%emt
00:02:02]} Rxf3 {[%clk 00:06:54]} {[%emt 00:00:05]} 20. Be3 {[%clk 00:42:03]}
{[%emt 00:00:30]} Rd8 {[%clk 00:04:30]} {[%emt 00:02:59]} 21. Rad1 {[%clk
00:40:34]} {[%emt 00:01:54]} Rff8 {[%clk 00:04:20]} {[%emt 00:00:40]} 22. Nb1
{[%clk 00:38:44]} {[%emt 00:02:20]} Rxd1 {[%clk 00:04:22]} {[%emt 00:00:29]} 23.
Rxd1 {[%clk 00:39:12]} {[%emt 00:00:02]} Rd8 {[%clk 00:03:21]} {[%emt
00:01:30]} 24. Nd2 {[%clk 00:38:02]} {[%emt 00:01:40]} Qa4 {[%clk 00:03:20]}
{[%emt 00:00:31]} 25. Rc1 {[%clk 00:37:53]} {[%emt 00:00:38]} c4 {[%clk
00:03:17]} {[%emt 00:00:35]} 26. Nb1 {[%clk 00:37:38]} {[%emt 00:00:45]} Qa5
{[%clk 00:01:27]} {[%emt 00:02:21]} 27. Qe2 {[%clk 00:37:29]} {[%emt 00:00:37]}
Bf6 {[%clk 00:00:40]} {[%emt 00:01:18]} 28. Qg4 {[%clk 00:36:49]} {[%emt
00:01:09]} Re8 {[%clk 00:00:40]} {[%emt 00:00:31]} 29. Qh5 {[%clk 00:36:57]}
{[%emt 00:00:21]} Rd8 {[%clk 00:00:48]} {[%emt 00:00:23]} 30. Qg4 {[%clk
00:37:11]} {[%emt 00:00:16]} Re8 {[%clk 00:01:17]} 31. Qh5 {[%clk 00:37:01]}
{[%emt 00:00:39]} g6 {[%clk 00:01:03]} {[%emt 00:00:45]} 32. Qf3 {[%clk
00:36:31]} {[%emt 00:01:00]} Bg7 {[%clk 00:01:21]} {[%emt 00:00:13]} 33. h5
{[%clk 00:34:05]} {[%emt 00:02:55]} Qc7 {[%clk 00:01:47]} {[%emt 00:00:04]} 34.
hxg6 {[%clk 00:34:02]} {[%emt 00:00:34]} hxg6 {[%clk 00:02:16]} {[%emt
00:00:01]} 35. Qg4 {[%clk 00:34:02]} {[%emt 00:00:29]} Qf7 {[%clk 00:02:07]}
{[%emt 00:00:39]} 36. Nd2 {[%clk 00:33:31]} {[%emt 00:01:01]} Bf6 {[%clk
00:01:06]} {[%emt 00:01:31]} 37. a4 {[%clk 00:33:20]} {[%emt 00:00:42]} Qh7
{[%clk 00:00:44]} {[%emt 00:00:52]} 38. axb5 {[%clk 00:32:38]} {[%emt
00:01:12]} axb5 {[%clk 00:01:13]} {[%emt 00:00:01]} 39. Rb1 {[%clk 00:32:13]}
{[%emt 00:00:55]} b4 {[%clk 00:00:45]} {[%emt 00:00:58]} 40. Nxc4 {[%clk
00:28:52]} {[%emt 00:03:50]} Kg7 {[%clk 00:00:36]} {[%emt 00:00:40]} 41. cxb4
{[%clk 00:25:24]} {[%emt 00:03:58]} Rh8 {[%clk 00:01:04]} 42. Kg2 {[%clk
00:25:35]} {[%emt 00:00:19]} Qh2+ {[%clk 00:01:28]} {[%emt 00:00:06]} 43. Kf3
{[%clk 00:26:04]} {[%emt 00:00:02]} Rf8 {[%clk 00:01:36]} {[%emt 00:00:22]} 44.
Ke2 {[%clk 00:25:32]} {[%emt 00:01:01]} Nd4+ {[%clk 00:01:36]} {[%emt
00:00:31]} 45. Kd3 {[%clk 00:25:08]} {[%emt 00:00:54]} Rd8 {[%clk 00:00:42]}
{[%emt 00:01:24]} 46. Kc3 {[%clk 00:25:07]} {[%emt 00:00:21]} Nb5+ {[%clk
00:01:01]} {[%emt 00:00:20]} 47. Kb2 {[%clk 00:24:32]} {[%emt 00:01:06]} Qh8
{[%clk 00:00:34]} {[%emt 00:00:57]} 48. Qxe6 {[%clk 00:23:44]} {[%emt
00:01:16]} Qh5 {[%clk 00:00:33]} {[%emt 00:00:33]} 49. g4 {[%clk 00:21:28]}
{[%emt 00:02:45]} Qh3 {[%clk 00:01:02]} {[%emt 00:00:02]} 50. Qb6 {[%clk
00:18:25]} {[%emt 00:03:34]} Qxg4 {[%clk 00:01:12]} {[%emt 00:00:19]} 51. Rc1
{[%clk 00:16:02]} {[%emt 00:02:52]} Nd4 {[%clk 00:01:03]} {[%emt 00:00:40]} 52.
Nd2 {[%clk 00:15:56]} {[%emt 00:00:36]} Rd7 {[%clk 00:00:33]} {[%emt 00:01:00]}
53. Bh6+ {[%clk 00:12:04]} {[%emt 00:04:22]} Kf7 {[%clk 00:00:32]} {[%emt
00:00:31]} 54. Rc7 {[%clk 00:10:57]} {[%emt 00:01:36]} g5 {[%clk 00:00:42]}
{[%emt 00:00:21]} 55. Rxd7+ {[%clk 00:08:16]} {[%emt 00:03:11]} Qxd7 {[%clk
00:01:11]} {[%emt 00:00:01]} 56. Nc4 {[%clk 00:08:28]} {[%emt 00:00:19]} Qa4
{[%clk 00:01:13]} {[%emt 00:00:28]} 57. Ne3 {[%clk 00:03:17]} {[%emt 00:05:41]}
Qb3+ {[%clk 00:01:38]} {[%emt 00:00:05]} 58. Kc1 {[%clk 00:03:46]} Qc3+ {[%clk
00:01:53]} {[%emt 00:00:15]} 59. Kd1 {[%clk 00:04:10]} {[%emt 00:00:07]} Qd3+
{[%clk 00:01:48]} {[%emt 00:00:35]} 60. Kc1 {[%clk 00:04:32]} {[%emt 00:00:08]}
Ne2+ {[%clk 00:01:28]} {[%emt 00:00:49]} 61. Kb2 {[%clk 00:03:53]} {[%emt
00:01:09]} Qc3+ {[%clk 00:00:45]} {[%emt 00:01:14]} 62. Ka2 {[%clk 00:04:17]}
{[%emt 00:00:06]} Qd2+ {[%clk 00:01:00]} {[%emt 00:00:15]} 63. Ka3 {[%clk
00:04:04]} {[%emt 00:00:43]} Qd3+ {[%clk 00:00:43]} {[%emt 00:00:47]} 64. Kb2
{[%clk 00:04:13]} {[%emt 00:00:21]} Qxe4 {[%clk 00:00:34]} {[%emt 00:00:38]} 65.
Qc5 {[%clk 00:01:51]} {[%emt 00:02:52]} Nf4 {[%clk 00:00:32]} {[%emt 00:00:33]}
66. Kb3 {[%clk 00:01:38]} {[%emt 00:00:43]} Qd3+ {[%clk 00:00:43]} {[%emt
00:00:18]} 67. Ka4 {[%clk 00:01:37]} {[%emt 00:00:31]} Ne6 {[%clk 00:00:50]}
{[%emt 00:00:23]} 68. Qc6 {[%clk 00:01:14]} {[%emt 00:00:54]} Qd2 {[%clk
00:00:32]} {[%emt 00:00:48]} 69. Qe4 {[%clk 00:00:36]} {[%emt 00:01:08]} Qa2+
{[%clk 00:00:45]} {[%emt 00:00:16]} 70. Kb5 {[%clk 00:01:05]} {[%emt 00:00:01]}
Nd4+ {[%clk 00:00:55]} {[%emt 00:00:21]} 71. Kb6 {[%clk 00:01:35]} Qe6+ {[%clk
00:01:15]} {[%emt 00:00:10]} 72. Ka7 {[%clk 00:01:44]} {[%emt 00:00:21]} Nb5+
{[%clk 00:01:37]} {[%emt 00:00:07]} 73. Kb8 {[%clk 00:01:32]} {[%emt 00:00:42]}
Qe8+ {[%clk 00:01:59]} {[%emt 00:00:08]} 0-1